Public finance in theory and practice / (Record no. 307)

MARC details
000 -LEADER
fixed length control field 00666pam a2200205 4500
001 - CONTROL NUMBER
control field 349
005 - DATE AND TIME OF LATEST TRANSACTION
control field 20181127161341.0
008 - FIXED-LENGTH DATA ELEMENTS--GENERAL INFORMATION
fixed length control field 880630s1989 nyua b 001 0 eng
020 ## - INTERNATIONAL STANDARD BOOK NUMBER
International Standard Book Number 0070441278
International Standard Book Number 0070441286 (pbk.)
043 ## - GEOGRAPHIC AREA CODE
Geographic area code n-us---
100 1# - MAIN ENTRY--PERSONAL NAME
Personal name Musgrave, Richard A.
Fuller form of name (Richard Abel),
Dates associated with a name 1910-2007.
245 10 - TITLE STATEMENT
Title Public finance in theory and practice /
Statement of responsibility, etc. Richard A. Musgrave, Peggy B. Musgrave.
250 ## - EDITION STATEMENT
Edition statement 5th ed.
260 ## - PUBLICATION, DISTRIBUTION, ETC.
Place of publication, distribution, etc. New Delhi :
Name of publisher, distributor, etc. Tata McGraw-Hill,
Date of publication, distribution, etc. 2004.
300 ## - PHYSICAL DESCRIPTION
Extent xvi, 627 p. :
Other physical details ill. ;
Dimensions 25 cm.
504 ## - BIBLIOGRAPHY, ETC. NOTE
Bibliography, etc. note Includes bibliographical references and index.
650 #0 - SUBJECT ADDED ENTRY--TOPICAL TERM
Topical term or geographic name entry element Finance, Public
Geographic subdivision United States.
700 1# - ADDED ENTRY--PERSONAL NAME
Personal name Musgrave, Peggy B.
Holdings
Withdrawn status Lost status Source of classification or shelving scheme Damaged status Not for loan Collection code Home library Current library Shelving location Date acquired Serial Enumeration / chronology Inventory number Total Checkouts Total Renewals Full call number Barcode Date last seen Date last checked out Copy number Price effective from Koha item type
    Dewey Decimal Classification     Main TEST RTC Library RTC Library Main opac 13/06/2022 3987 2 1 336 MUS 1989 c.1 30003097 19/03/2026 19/03/2026 1 27/11/2018 Main
    Dewey Decimal Classification     Main TEST RTC Library RTC Library Main opac 05/07/2021 3989 5 3 336 MUS 30001824 12/12/2022 28/07/2022 3 27/11/2018 Main
    Dewey Decimal Classification     Main TEST RTC Library RTC Library Main opac 09/07/2021 3988 3 1 336 MUS 30002181 10/12/2021 08/11/2021 2 27/11/2018 Main
    Dewey Decimal Classification     Main TEST RTC Library RTC Library Main opac   3990 1   336 MUS 30001819 07/10/2020 26/09/2020 4 27/11/2018 Main
    Dewey Decimal Classification     Main TEST RTC Library RTC Library Main opac 20/05/2025 3991 2 3 336 MUS 30000234 15/12/2025 20/05/2025 5 27/11/2018 Main
Royal Thimphu College || All Right Reserved